Name the Taylor Swift Song from one line - 1989 (TV) - Statistics

General Stats
  • This quiz has been taken 138 times
  • The average score is 12 of 14
Answer Stats
Line Song % Correct
'Cause you got that James Dean daydream look in your eye Style
96%
It'll leave you breathless,Or with a nasty scar Blank Space
95%
I go on too many dates,But I can't make them stay Shake It Off
92%
Standin' in a nice dress,Starin' at the sunset, babe Wildest Dreams
92%
Twenty stitches in the hospital room Out Of The Woods
91%
It's a new soundtrack, I could dance to this beat, Welcome To New York
90%
Oh, Lord, I think about jumpin'Off of very tall somethings Is It Over Now
88%
When I was drownin', that's when I could finally breathe Clean
86%
'Cause, baby, I could build a castleOut of all the bricks they threw at me New Romantics
85%
But if I’m all dressed upThey might as well be lookin' at us "Slut"
78%
Still got scars on my back from your knife Bad Blood
76%
Why’d you have to twist the knife?Walk away and leave me bleedin’? Say Don't Go
76%
Your kiss, my cheek, I watched you leave,Your smile, my ghost, I fell to my knees This Love
66%
Why'd you have to go and lock me out when I let you in? All You Had To Do Was Stay
60%
No matching quizzes found
Score Distribution
Percent of People with Each Score
Percentile by Number Answered
Your Score History
You have not taken this quiz